000 00664nam a2200229Ia 4500
003 OSt
005 20220925235356.0
006 a|||||r|||| 00| 0
007 ta
008 220923b |||||||| |||| 00| 0 eng d
037 _cGeneral Book
040 _aRTL
_cRTL
_beng
041 _2eng
_aeng
082 _aX:31.N61<N48, K2
110 _aINDIA, CENTRAL STATISTICAL ORGANIZATION
245 0 _aEstimates of national income,1948-49 to 1960-61.
260 _a New Delhi
_bCSOI
_c1962
300 _a24p.
_ccm.
700 _aINDIA, CENTRAL STATISTICAL ORGANIZATION
942 _hX:31.N61<N48, K2
_cGB
_2CC
999 _c597270
_d597270